Z Answers Quiz #2 - Statistics

General Stats
  • This quiz has been taken 32,419 times
  • The average score is 11 of 20
Answer Stats
Clue Answer % Correct
The study of animals Zoology
98%
Northern neighbor of Zimbabwe Zambia
90%
Capital of Croatia Zagreb
77%
The outer peel of a citrus Zest
75%
Green veggie which the British call a courgette Zucchini
69%
Sixth letter of the Greek alphabet Zeta
66%
Highest point; opposite of nadir Zenith
64%
Island of Tanzania; it was briefly an independent country Zanzibar
62%
Zero, zip, _____, nada Zilch
56%
Yours might have the letters YKK on it Zipper
54%
Spanish for shoe Zapato
50%
What Shaggy says when he's scared Zoinks
47%
Major African river Zambezi
46%
German word that means "spirit of the times" Zeitgeist
46%
Princess of Hyrule Zelda
43%
Frank, Dweezil, or Moon Unit Zappa
40%
Prophet who started a major religion in Persia around 600 B.C. Zoroaster
34%
Lobster-like doctor on "Futurama" Zoidberg
30%
Stringed instrument of Eastern Europe Zither
24%
Greek inventor of paradoxes Zeno
20%
No matching quizzes found
Score Distribution
Percent of People with Each Score
Percentile by Number Answered
Your Score History
You have not taken this quiz